000 00636nam a2200265Ia 4500
005 20260121170044.0
008 008 260114s9999 xx 000 0 eng d
020 _a9783662545157
037 _aEBOOK
040 _aCRL
040 _beng
040 _cCRL
041 _2eng
041 _aeng
084 _qCRL
100 _aBogdan Povh, Mitja Rosina
_91059271
245 0 _aScattering and Structures
260 _bSpringer
260 _bSpringer
260 _c2017
856 _uhttps://link.springer.com/openurl?genre=book&isbn=978-3-662-54515-7
942 _cEBOOK
999 _c1625000
_d1625000